书目信息 |
| 题名: |
AutoCAD 2000典型机械应用
|
|
| 作者: | 孙江宏 主编 | |
| 分册: | ||
| 出版信息: | 北京 机械工业出版社 2000.08 |
|
| 页数: | 307页 | |
| 开本: | 16开 | |
| 丛书名: | ||
| 单 册: | ||
| 中图分类: | TP391.72 | |
| 科图分类: | ||
| 主题词: | 计算机应用 | |
| 电子资源: | ||
| ISBN: | 7-111-01333-6 | |
| 000 | 00583nam0 2200193 45 | |
| 001 | 0012140939 | |
| 005 | 20001214093112.4 | |
| 010 | @a7-111-01333-6@d38.00元 | |
| 100 | @a20001214d2000 km y0chiy0120 ea | |
| 101 | 0 | @achi |
| 105 | @a z 000yy | |
| 200 | 1 | @aAutoCAD 2000典型机械应用@AAutoCAD 2000 Dian Xing Ji Xie Ying Yong@f孙江宏主编@FSun Jiang Hong Zhu Bian |
| 210 | @a北京@c机械工业出版社@d2000.08 | |
| 215 | @a307页@d16开 | |
| 606 | 0 | @a计算机应用 |
| 690 | @aTP391.72@v3 | |
| 701 | 0 | @a孙江宏@4主编 |
| 801 | @aCN@bPftUser@c20001214 | |
| 905 | @b313034-035@dTP391.72@eS321/1@f2 | |
| AutoCAD 2000典型机械应用/孙江宏主编.-北京:机械工业出版社,2000.08 |
| 307页;16开 |
| ISBN 7-111-01333-6:38.00元 |
| ● |
| 相关链接 |
|
|
|
正题名:AutoCAD 2000典型机械应用
索取号:TP391.72/S321/1
 
预约/预借
| 序号 | 登录号 | 条形码 | 馆藏地/架位号 | 状态 | 备注 |
| 1 | 313034 | 203130343 | 期刊室512/301自科库 110排2列4层/ [索取号:TP391.72/S321/1] | 在馆 | |
| 2 | 313035 | 203130352 | 期刊室512/301自科库 110排2列4层/ [索取号:TP391.72/S321/1] | 在馆 |